Fair rents: a practical guide to the law relating to the rents of residential tenancies including the work of rent officers, rent assessment committees and rent tribunals (Record no. 86775)

MARC details
000 -LEADER
fixed length control field 00586cam a2200193 4500
001 - CONTROL NUMBER
control field D8018
008 - FIXED-LENGTH DATA ELEMENTS--GENERAL INFORMATION
fixed length control field 090401t1985 xxu||||| |||| 00| 0 eng d
035 ## - SYSTEM CONTROL NUMBER
System control number (Sirsi) u10808
041 ## - LANGUAGE CODE
Language code of text/sound track or separate title eng
050 ## - LIBRARY OF CONGRESS CALL NUMBER
Classification number 346.4104344
100 ## - MAIN ENTRY--PERSONAL NAME
Personal name Prophet, John
245 ## - TITLE STATEMENT
Title Fair rents: a practical guide to the law relating to the rents of residential tenancies including the work of rent officers, rent assessment committees and rent tribunals
250 ## - EDITION STATEMENT
Edition statement 3rd
260 ## - PUBLICATION, DISTRIBUTION, ETC.
Place of publication, distribution, etc. London
Name of publisher, distributor, etc. Shaw & Sons Ltd
Date of publication, distribution, etc. 1985
300 ## - PHYSICAL DESCRIPTION
Extent xxix. 243p. 22cm
350 ## - PRICE (NR) (BK AM CF MU VM SE) [OBSOLETE]
Price 9.5
942 ## - ADDED ENTRY ELEMENTS (KOHA)
Suppress in OPAC 0
948 ## - LOCAL PROCESSING INFORMATION (OCLC); SERIES PART DESIGNATOR (RLIN)
c (OCLC) 04/03/1997
Holdings
Withdrawn status Lost status Source of classification or shelving scheme Damaged status Not for loan Home library Current library Shelving location Date acquired Cost, normal purchase price Total Checkouts Full call number Barcode Date last seen Copy number Cost, replacement price Price effective from Koha item type
    Dewey Decimal Classification     London London Books 14/09/1999 9.50   346.4104344 30006712 06/08/2019 2 9.50 06/08/2019 Reference material